|
|
|
|
| LEADER |
00672nam a22001697a 4500 |
| 082 |
|
|
|a 330
|b MAD/O
|
| 100 |
|
|
|a മാധവന്കുട്ടി
|9 296795
|
| 100 |
|
|
|a Madhavankutty
|9 296797
|
| 240 |
|
|
|a Ohariyude Lokam Sampathinte Lokam
|
| 245 |
|
|
|a ഓഹരിയുടെ ലോകം സമ്പത്തിന്റെ ലോകം
|
| 260 |
|
|
|a Kozhikode;
|b Harvest;
|
| 300 |
|
|
|a 191p.
|
| 650 |
|
|
|a മലയാളം;
|9 296800
|
| 650 |
|
|
|a Malayalam; Economics
|9 296801
|
| 942 |
|
|
|c BK
|
| 999 |
|
|
|c 70362
|d 70362
|
| 952 |
|
|
|0 0
|1 0
|4 0
|6 330_000000000000000_MAD_O
|7 0
|8 Economics
|9 83313
|a MAL
|b MAL
|d 2016-12-02
|e 39174
|g 55.00
|l 0
|o 330 MAD/O
|p MAL039174
|r 2016-12-02
|t 1
|w 2016-12-02
|y BK
|